[Event "27. Schweinfurt Open"]
[Site "Schweinfurt"]
[Date "2017.06.15"]
[Round "1.1"]
[White "Golda, Harald"]
[Black "Drewes, Thomas"]
[Result "1/2-1/2"]
[WhiteElo "2277"]
[BlackElo "1787"]
[PlyCount "199"]
[EventDate "2017.??.??"]
[WhiteTeam "SK Schweinfurt"]
[BlackTeam "SV Würzburg"]

1. d4 d5 2. Nf3 Nf6 3. c4 c6 4. Nc3 dxc4 5. a4 Bf5 6. e3 e6 7. Bxc4 Bb4 8. O-O
Nbd7 9. Qe2 Ne4 10. Bd3 Nxc3 11. bxc3 Bxd3 12. Qxd3 Be7 13. Rb1 b6 14. e4 O-O
15. Bf4 Re8 16. Rfd1 Nf8 17. h3 Ng6 18. Be3 Qc7 19. Qa6 Qc8 20. Qxc8 Raxc8 21.
c4 Rc7 22. g3 Rd7 23. h4 Bd8 24. h5 Ne7 25. h6 Ng6 26. hxg7 Kxg7 27. Kg2 h5 28.
Ne5 Nxe5 29. dxe5 Rxd1 30. Rxd1 Bc7 31. Rd7 Bxe5 32. Rxa7 c5 33. a5 bxa5 34.
Bxc5 Bc3 35. Bb6 Rc8 36. Bxa5 Rxc4 37. Bxc3+ Rxc3 38. Ra5 Kg6 39. Re5 Rc6 40.
Kh3 f6 41. Ra5 e5 42. Ra4 Rc8 43. Kg2 Re8 44. Kf3 Kg5 45. Ra7 Rg8 46. Ke3 h4
47. gxh4+ Kxh4 48. Ra1 Rb8 49. Rh1+ Kg5 50. Rg1+ Kh5 51. Rg7 Rb3+ 52. Ke2 Rb2+
53. Kf3 Rb3+ 54. Kg2 Rb4 55. f3 Rb2+ 56. Kg3 Rb1 57. Rh7+ Kg6 58. Ra7 Rb2 59.
Ra3 Rb8 60. Ra7 Rb2 61. Kg4 Rb3 62. f4 exf4 63. Kxf4 Rb5 64. Rd7 Ra5 65. Rd5
Ra6 66. Rc5 Rb6 67. Ke3 Ra6 68. Kd4 Rd6+ 69. Rd5 Ra6 70. Rd8 Ra4+ 71. Ke3 Ra3+
72. Kf4 Ra4 73. Rd6 Rb4 74. Ke3 Rb3+ 75. Kd4 Rb5 76. Kc4 Re5 77. Kd4 Re7 78.
Ke3 Re5 79. Kf4 Re7 80. Rd1 Re5 81. Rg1+ Kf7 82. Rh1 Kg6 83. Rg1+ Kf7 84. Rd1
Kg6 85. Rd5 Re7 86. Rf5 Re6 87. Ke3 Re7 88. Kd4 Re8 89. Kd5 Re7 90. Rf4 Re8 91.
Rg4+ Kf7 92. Kd4 Re5 93. Rf4 Re7 94. Ke3 Re6 95. Kf3 Ke7 96. Rg4 Kf7 97. Rg1
Re7 98. Rd1 Re5 99. Rd5 Re6 100. Ke3 1/2-1/2

[Event "27. Schweinfurt Open"]
[Site "Schweinfurt"]
[Date "2017.06.15"]
[Round "1.2"]
[White "Markert, Markus"]
[Black "Seidens, Udo"]
[Result "1/2-1/2"]
[WhiteElo "1998"]
[BlackElo "2223"]
[PlyCount "69"]
[EventDate "2017.??.??"]
[WhiteTeam "SK Bad Neustadt"]
[BlackTeam "SK Schweinfurt"]

1. d4 Nf6 2. Nf3 e6 3. Bf4 d5 4. e3 c5 5. c3 Nc6 6. Nbd2 Be7 7. Bd3 Bd7 8. h3
O-O 9. O-O Rc8 10. Ne5 Nxe5 11. dxe5 Ne8 12. Qh5 f5 13. Nf3 Nc7 14. Bg5 Be8 15.
Qh4 Bxg5 16. Qxg5 Qxg5 17. Nxg5 h6 18. Nf3 Bh5 19. Nh2 c4 20. Bc2 b5 21. g4 Bg6
22. f4 a5 23. a3 Na6 24. Nf3 fxg4 25. Bxg6 gxf3 26. Rxf3 Nc5 27. Kh2 Rb8 28.
Rg3 Kh8 29. Rag1 b4 30. axb4 axb4 31. Ra1 bxc3 32. bxc3 Ra8 33. Rgg1 Nb3 34.
Rxa8 Rxa8 35. Bf7 1/2-1/2

[Event "27. Schweinfurt Open"]
[Site "Schweinfurt"]
[Date "2017.06.15"]
[Round "1.3"]
[White "Ziegler, Michael"]
[Black "Heller, Thomas"]
[Result "1-0"]
[WhiteElo "2126"]
[BlackElo "1783"]
[PlyCount "117"]
[EventDate "2017.??.??"]
[WhiteTeam "SC Prichsenstadt"]
[BlackTeam "SV Bergtheim"]

1. d4 d5 2. c4 c6 3. Nf3 Nf6 4. Qc2 g6 5. Bf4 Bg7 6. e3 O-O 7. Nc3 Nbd7 8. h3
a6 9. a4 Qa5 10. c5 Ne4 11. Be2 Ndxc5 12. O-O Nxc3 13. Qxc3 Qxc3 14. bxc3 Ne4
15. Rfc1 h6 16. Ra2 g5 17. Bh2 g4 18. hxg4 Bxg4 19. a5 f6 20. Rb2 c5 21. Rxb7
e5 22. Bf1 c4 23. Nh4 Nd2 24. Rc2 Nb3 25. Ra2 exd4 26. exd4 Rf7 27. Rb6 Rd7 28.
Ng6 Bf5 29. Nf4 Kf7 30. Nxd5 Nc1 31. Ra1 Nd3 32. Nb4 Bf8 33. Nxd3 Bxd3 34. Bxd3
cxd3 35. Rd1 Rd5 36. Rxd3 Rxa5 37. Bf4 Ra1+ 38. Kh2 a5 39. c4 a4 40. c5 a3 41.
Rbb3 a2 42. Ra3 Rxa3 43. Rxa3 Rd1 44. Rxa2 Rxd4 45. Be3 Rc4 46. Ra5 Kg6 47. Kg3
h5 48. Kf3 Bh6 49. Bxh6 Kxh6 50. Ke3 Rc2 51. g3 Kg6 52. Kd4 Rxf2 53. c6 Rc2 54.
Rc5 Rd2+ 55. Kc4 Rd8 56. c7 Rc8 57. Kb5 f5 58. Kc6 Kg5 59. Rc4 1-0

[Event "27. Schweinfurt Open"]
[Site "Schweinfurt"]
[Date "2017.06.15"]
[Round "1.4"]
[White "Englert, Fred"]
[Black "von Zimmermann, Georg"]
[Result "0-1"]
[WhiteElo "1781"]
[BlackElo "2111"]
[PlyCount "124"]
[EventDate "2017.??.??"]
[WhiteTeam "SK Klingenberg"]
[BlackTeam "MSA Zugzwang"]

1. c4 e5 2. g3 Nc6 3. Bg2 Bc5 4. Nc3 a5 5. Nf3 Nf6 6. O-O Qe7 7. b3 d6 8. Bb2
h6 9. d3 O-O 10. Rc1 Re8 11. Nd2 Nh7 12. Nd5 Qd8 13. Ne4 Ba7 14. e3 Nb8 15. d4
f5 16. Nd2 c6 17. Nc3 exd4 18. exd4 Bxd4 19. Nf3 Bb6 20. Na4 Bc7 21. Qd4 Nf6
22. Nh4 Be6 23. Rfe1 Nbd7 24. Bh3 Ne5 25. Kg2 Qd7 26. Qd1 Neg4 27. Ng6 b5 28.
cxb5 Bd5+ 29. Kg1 cxb5 30. Nc3 Bc6 31. Ne2 Bb6 32. Bd4 Qb7 33. Bxb6 Qxb6 34.
Qd4 Qxd4 35. Nxd4 Bd7 36. Ne7+ Kf8 37. Nexf5 Ne5 38. Bg2 Nd3 39. Rxe8+ Rxe8 40.
Rd1 Nb4 41. a3 Na2 42. Nxd6 Re5 43. Bc6 Nc3 44. Rd3 Bh3 45. Re3 Rxe3 46. fxe3
b4 47. axb4 axb4 48. Bf3 Nd7 49. Nc2 Na2 50. Ne4 Ne5 51. Be2 Bf5 52. Nxb4 Nxb4
53. Nd6 Bc2 54. Nc4 Bd3 55. Bxd3 Nbxd3 56. Nd2 Ke7 57. Kg2 Kd6 58. h3 Kd5 59.
h4 Ng4 60. Kf3 h5 61. Nb1 Nge5+ 62. Ke2 Nc1+ 0-1

[Event "27. Schweinfurt Open"]
[Site "Schweinfurt"]
[Date "2017.06.15"]
[Round "1.5"]
[White "Weise, Martin"]
[Black "Völker, Joachim"]
[Result "1-0"]
[WhiteElo "2109"]
[BlackElo "1772"]
[PlyCount "61"]
[EventDate "2017.??.??"]
[WhiteTeam "SC Fulda"]
[BlackTeam "SK Schweinfurt"]

1. Nf3 d5 2. e3 Nf6 3. d4 e6 4. Bd3 c5 5. c3 Nc6 6. Nbd2 cxd4 7. exd4 Bd6 8.
O-O O-O 9. Re1 Qc7 10. Qe2 Ng4 11. Nf1 f5 12. Bd2 Bd7 13. c4 Bf4 14. Bc3 Rae8
15. Qc2 Nf6 16. Ne3 Bxe3 17. Rxe3 Ne4 18. Qb3 Nxc3 19. bxc3 dxc4 20. Qxc4 Qf4
21. Rae1 h6 22. Ne5 Nxe5 23. Rxe5 Qd2 24. R5e2 Qf4 25. d5 Qxc4 26. Bxc4 Kh8 27.
dxe6 Bc6 28. e7 Rf6 29. Rd2 Rg6 30. g3 Rg4 31. Bf7 1-0

[Event "27. Schweinfurt Open"]
[Site "Schweinfurt"]
[Date "2017.06.15"]
[Round "1.6"]
[White "Eichenauer, Pascal"]
[Black "Bräutigam, Thomas"]
[Result "1/2-1/2"]
[WhiteElo "1769"]
[BlackElo "2070"]
[PlyCount "47"]
[EventDate "2017.??.??"]
[WhiteTeam "SV Würzburg"]
[BlackTeam "SV Würzburg"]

1. d4 d5 2. c4 e6 3. Nc3 c6 4. Nf3 Nf6 5. cxd5 exd5 6. Qc2 Be7 7. Bf4 Nbd7 8.
e3 Nf8 9. h3 Ng6 10. Bh2 Bd6 11. Ne5 Bxe5 12. dxe5 Nd7 13. f4 O-O 14. Rd1 Qb6
15. Qf2 f5 16. Bd3 Nc5 17. Bb1 Be6 18. O-O Rad8 19. Qe2 Ne4 20. Nxe4 dxe4 21.
Bg3 Ne7 22. Bh4 Rxd1 23. Rxd1 Nd5 24. Bf2 1/2-1/2

[Event "27. Schweinfurt Open"]
[Site "Schweinfurt"]
[Date "2017.06.15"]
[Round "1.7"]
[White "Kuhn, Norbert"]
[Black "Brux, Jürgen"]
[Result "1-0"]
[WhiteElo "2059"]
[BlackElo "1743"]
[PlyCount "91"]
[EventDate "2017.??.??"]
[WhiteTeam "SV Würzburg"]
[BlackTeam "DT Männerstadt"]

1. e4 c5 2. Nf3 d6 3. Bb5+ Bd7 4. Bxd7+ Nxd7 5. O-O Ngf6 6. Qe2 g6 7. d3 Bg7 8.
c4 O-O 9. Nc3 e6 10. Bf4 e5 11. Bg5 h6 12. Bxf6 Nxf6 13. a3 a6 14. b4 b6 15.
Ne1 Nd7 16. Nc2 f5 17. f3 f4 18. Nd5 Nf6 19. Nxf6+ Qxf6 20. Rfb1 Rab8 21. Rb2
Rb7 22. Rab1 Rfb8 23. Na1 h5 24. Nb3 Qe7 25. Nc1 g5 26. Na2 Qd7 27. Nc3 b5 28.
Qd2 bxc4 29. dxc4 cxb4 30. Rxb4 Rxb4 31. Rxb4 Rxb4 32. axb4 Qa7+ 33. Kf1 Qd4
34. Qxd4 exd4 35. Nd5 d3 36. Ke1 Be5 37. Kd2 g4 38. Kxd3 g3 39. h3 Kf7 40. Nc7
Ke7 41. Nxa6 Kd7 42. c5 Kc6 43. Kc4 dxc5 44. bxc5 Bf6 45. Nb4+ Kb7 46. Nd5 1-0

[Event "27. Schweinfurt Open"]
[Site "Schweinfurt"]
[Date "2017.06.15"]
[Round "1.8"]
[White "Ley, Reinhard"]
[Black "Gehrig, Thomas"]
[Result "1/2-1/2"]
[WhiteElo "1714"]
[BlackElo "2051"]
[PlyCount "68"]
[EventDate "2017.??.??"]
[WhiteTeam "SV Siershahn"]
[BlackTeam "SC Maßbach"]

1. d4 Nf6 2. Nf3 d6 3. c4 Nbd7 4. Nc3 c6 5. e4 e5 6. Be3 Be7 7. dxe5 dxe5 8.
Bd3 Qc7 9. h3 Nc5 10. Bc2 Be6 11. Qe2 a5 12. O-O O-O 13. b3 Rad8 14. Rad1 Bc8
15. Bxc5 Bxc5 16. Rxd8 Rxd8 17. Rd1 Re8 18. Rd3 g6 19. Qd2 Nh5 20. Ne2 Kg7 21.
Nh2 Nf6 22. Ng3 h6 23. Bd1 Bb4 24. Qe3 Qe7 25. Ng4 Ng8 26. Nh2 Bc5 27. Qd2 b6
28. Bg4 Bd4 29. Bxc8 Rxc8 30. Qe2 Nf6 31. Ng4 Ng8 32. Nh2 Nf6 33. Ng4 Ng8 34.
Nh2 Nf6 1/2-1/2

[Event "27. Schweinfurt Open"]
[Site "Schweinfurt"]
[Date "2017.06.15"]
[Round "1.10"]
[White "Engelbrecht, Klaus"]
[Black "Helgert, Johannes"]
[Result "0-1"]
[WhiteElo "1596"]
[BlackElo "2045"]
[PlyCount "96"]
[EventDate "2017.??.??"]
[WhiteTeam "SK Bad Neustadt"]
[BlackTeam "SV Würzburg"]

1. Nf3 b6 2. d4 e6 3. e4 Bb7 4. Bd3 d5 5. e5 c5 6. c3 Nc6 7. O-O Nge7 8. Bg5
Qc7 9. Na3 a6 10. Nc2 h6 11. Be3 Nf5 12. Bxf5 exf5 13. g3 Nd8 14. Qd3 g6 15.
Kg2 Ne6 16. h4 Bc6 17. Rh1 Qd7 18. Qd2 Bg7 19. Nh2 Qe7 20. f4 h5 21. Nf3 a5 22.
Ng5 Nc7 23. b3 O-O 24. a3 Rfd8 25. Qf2 Bf8 26. Ra2 Bb5 27. Re1 Bd3 28. Rd1 c4
29. b4 Nb5 30. Bd2 Bxc2 31. Rxc2 Nxa3 32. Ra2 axb4 33. cxb4 Nb5 34. Rda1 Rxa2
35. Rxa2 c3 36. Be3 Qxb4 37. e6 f6 38. Nf7 Re8 39. Qf3 Qc4 40. Ra6 Qc6 41. Qf2
Qxe6 42. Ne5 fxe5 43. fxe5 Rc8 44. Qc2 Qc6 45. Qb3 Rd8 46. Ra4 c2 47. Ra1 Rc8
48. Rc1 Qc4 0-1

[Event "27. Schweinfurt Open"]
[Site "Schweinfurt"]
[Date "2017.06.15"]
[Round "1.11"]
[White "Müller, Lutz"]
[Black "Grasmik, Waldemar"]
[Result "1-0"]
[WhiteElo "2042"]
[BlackElo "1571"]
[PlyCount "81"]
[EventDate "2017.??.??"]
[WhiteTeam "SC Bad Königshofen"]
[BlackTeam "(vls) Bad Kissingen"]

1. d4 e5 2. dxe5 Nc6 3. Nf3 Qe7 4. Nc3 Nxe5 5. e3 Nxf3+ 6. Qxf3 c6 7. Bd3 d5 8.
O-O Nf6 9. e4 Bg4 10. Qg3 O-O-O 11. e5 Be6 12. exf6 gxf6 13. Bf4 h5 14. h4 Bh6
15. Bxh6 Rxh6 16. Rae1 Qb4 17. Ne2 Rhh8 18. c3 Qe7 19. Nd4 c5 20. Nf5 Qc7 21.
Qxc7+ Kxc7 22. b4 c4 23. Bc2 Rdg8 24. Kh2 b5 25. Nd4 a6 26. a4 Kb6 27. Nxe6
fxe6 28. Rxe6+ Kb7 29. Rfe1 Rf8 30. Re7+ Kb8 31. a5 f5 32. R1e6 f4 33. Bd1 Rd8
34. Rb6+ Kc8 35. Rxa6 Kb8 36. Rb6+ Ka8 37. Bf3 Rhe8 38. Bxd5+ Rxd5 39. Rxe8+
Ka7 40. Re7+ Ka8 41. Rf6 1-0

[Event "27. Schweinfurt Open"]
[Site "Schweinfurt"]
[Date "2017.06.15"]
[Round "1.12"]
[White "Schwarz, Dominik"]
[Black "Gould, Charles"]
[Result "0-1"]
[WhiteElo "1564"]
[BlackElo "2019"]
[PlyCount "48"]
[EventDate "2017.??.??"]
[WhiteTeam "SC Prichsenstadt"]
[BlackTeam "SV Würzburg"]

1. d4 d6 2. Nf3 g6 3. Bf4 Nf6 4. h3 c5 5. c3 Qb6 6. Qb3 Be6 7. Qxb6 axb6 8. a3
Nc6 9. e3 Bg7 10. Nbd2 O-O 11. Bc4 d5 12. Bd3 Rfc8 13. O-O Na5 14. b4 Nc4 15.
Nxc4 dxc4 16. Be2 Nd5 17. Rfc1 Nxc3 18. Bxc4 Bxc4 19. Rxc3 cxb4 20. Rcc1 bxa3
21. Nd2 b5 22. Rc3 Bf8 23. Rcxa3 Rxa3 24. Rxa3 e5 0-1

[Event "27. Schweinfurt Open"]
[Site "Schweinfurt"]
[Date "2017.06.15"]
[Round "1.13"]
[White "Helm, Timo"]
[Black "Bardorz, Jana"]
[Result "1-0"]
[WhiteElo "2015"]
[BlackElo "1540"]
[PlyCount "71"]
[EventDate "2017.??.??"]
[WhiteTeam "SC Bad Königshofen"]
[BlackTeam "TSV Rottendorf"]

1. e4 e5 2. Nc3 Nf6 3. Bc4 Nc6 4. d3 Bc5 5. Bg5 d6 6. Qd2 Be6 7. Bb3 h6 8. Be3
Bb6 9. Nge2 Qe7 10. h3 O-O-O 11. O-O-O d5 12. exd5 Nxd5 13. Bxb6 Nxb6 14. f4 f6
15. fxe5 Nxe5 16. Bxe6+ Qxe6 17. Nf4 Qf7 18. Qf2 g5 19. Nfe2 f5 20. g3 Rhf8 21.
Rhf1 Ng6 22. Rde1 Kb8 23. Nd4 Rde8 24. Rxe8+ Qxe8 25. Nxf5 Qf7 26. g4 h5 27.
Kb1 hxg4 28. hxg4 Ne5 29. Qg2 Qe6 30. Qe2 Qe8 31. Re1 Nbd7 32. d4 Rh8 33. a3 a6
34. dxe5 Nc5 35. e6 Rh7 36. Nd5 1-0

[Event "27. Schweinfurt Open"]
[Site "Schweinfurt"]
[Date "2017.06.15"]
[Round "1.14"]
[White "Hüttinger, Siegfried"]
[Black "Reinl, Fred"]
[Result "0-1"]
[WhiteElo "1469"]
[BlackElo "1981"]
[PlyCount "78"]
[EventDate "2017.??.??"]
[WhiteTeam "SC KS Alzenau"]
[BlackTeam "SK Schweinfurt"]

1. c4 Nf6 2. Nc3 c5 3. g3 Nc6 4. Bg2 d6 5. e3 e5 6. a3 Be6 7. d3 g6 8. Nge2 d5
9. cxd5 Nxd5 10. O-O Bg7 11. e4 Nde7 12. f4 O-O 13. Rb1 Nd4 14. Be3 Qd7 15. b4
cxb4 16. Rxb4 Nec6 17. Rb2 Bg4 18. Qb1 Rab8 19. Nc1 b6 20. Nd5 Qd6 21. Bf3 Be6
22. Nb4 Rbc8 23. Ne2 Rfd8 24. a4 Nxe2+ 25. Rxe2 Qxb4 26. f5 Qxb1 27. Rxb1 gxf5
28. exf5 Bxf5 29. Be4 Bxe4 30. dxe4 Bf8 31. Kg2 Nd4 32. Rf2 Rc3 33. Bg5 Rdc8
34. Bf6 Bg7 35. Be7 Rc2 36. Rbf1 f6 37. g4 Kf7 38. Ba3 Rxf2+ 39. Rxf2 Rc2 0-1

[Event "27. Schweinfurt Open"]
[Site "Schweinfurt"]
[Date "2017.06.15"]
[Round "1.16"]
[White "Korff, Udo"]
[Black "Boß, Rolf"]
[Result "0-1"]
[WhiteElo "1664"]
[BlackElo "1969"]
[PlyCount "96"]
[EventDate "2017.??.??"]
[WhiteTeam "(vls) Pettstadt/Kirchlauter"]
[BlackTeam "(vls) Bamberg"]

1. e4 c5 2. c4 Nc6 3. Nf3 g6 4. d4 cxd4 5. Nxd4 Bg7 6. Nxc6 bxc6 7. Nc3 c5 8.
Be2 Bb7 9. Bf3 Qc7 10. Be3 d6 11. Qc2 a6 12. Rd1 Nf6 13. O-O O-O 14. Nd5 Bxd5
15. exd5 Rab8 16. b3 Nd7 17. Qd2 a5 18. Bh6 Bxh6 19. Qxh6 a4 20. Qe3 axb3 21.
axb3 Rfc8 22. Rb1 Nf8 23. Rb2 e5 24. g4 Qa5 25. Rfb1 Nd7 26. h4 Qd8 27. g5 f5
28. gxf6 Qxf6 29. Bg4 Nb6 30. Be6+ Kh8 31. Qg3 Qg7 32. Qg4 Rf8 33. Rf1 Rf4 34.
Qg5 h6 35. Qg3 Qf6 36. f3 Nxc4 37. Ra2 Ne3 38. Rff2 Nf5 39. Bxf5 Rxf5 40. Ra1
g5 41. h5 Qf7 42. Qg4 Rf8 43. Rd1 Rxf3 44. Rxf3 Qxf3 45. Qxf3 Rxf3 46. Rb1 Rf4
47. Ra1 Rd4 48. Rf1 Kg7 0-1

[Event "27. Schweinfurt Open"]
[Site "Schweinfurt"]
[Date "2017.06.15"]
[Round "1.17"]
[White "Langguth, Rolf"]
[Black "Kwossek, Martin"]
[Result "1/2-1/2"]
[WhiteElo "1947"]
[BlackElo "1632"]
[PlyCount "119"]
[EventDate "2017.??.??"]
[WhiteTeam "SK Schweinfurt"]
[BlackTeam "SC Kitzingen"]

1. e4 c5 2. f4 d6 3. Nf3 Nc6 4. Nc3 g6 5. Bc4 e6 6. O-O Bg7 7. a3 a6 8. Ne2
Nge7 9. Rb1 O-O 10. d3 Qc7 11. Kh1 b5 12. Ba2 Bb7 13. Bd2 Rac8 14. Bc3 d5 15.
Bxg7 Kxg7 16. exd5 Nxd5 17. Qd2 Rcd8 18. Ng5 Qe7 19. Rbe1 h6 20. Ne4 f5 21.
N4c3 Qf6 22. Ng1 Nd4 23. Nd1 Rfe8 24. c3 Nc6 25. Nf3 c4 26. d4 Nb6 27. Bb1 Nd7
28. Qf2 Qf7 29. Ne5 Ndxe5 30. fxe5 Ne7 31. Qg3 g5 32. Rf2 Ng6 33. Ne3 Qd7 34.
Nxf5+ exf5 35. Bxf5 Qe7 36. Kg1 Nh4 37. Be4 Rf8 38. Bxb7 Qxb7 39. Rfe2 Ng6 40.
Re4 Rf4 41. Rxf4 Nxf4 42. h4 Qe7 43. Qg4 Qe6 44. Qf3 Rf8 45. Qg3 Nd3 46. Re2
Qf5 47. Rd2 Qf4 48. Qxf4 Rxf4 49. hxg5 hxg5 50. Re2 Kf7 51. Rd2 Ke6 52. Re2 a5
53. Rd2 b4 54. axb4 axb4 55. Re2 bxc3 56. bxc3 Rf8 57. Ra2 Nc1 58. Rc2 Nd3 59.
Ra2 Nc1 60. Rc2 1/2-1/2

[Event "27. Schweinfurt Open"]
[Site "Schweinfurt"]
[Date "2017.06.15"]
[Round "1.18"]
[White "Kaptan, Cagatay"]
[Black "Wiener, Horst"]
[Result "0-1"]
[WhiteElo "1500"]
[BlackElo "1945"]
[PlyCount "64"]
[EventDate "2017.??.??"]
[WhiteTeam "(vls) Schweinfurt"]
[BlackTeam "SK Schweinfurt"]

1. Nf3 d5 2. d4 Nf6 3. c4 c6 4. cxd5 cxd5 5. Nc3 e6 6. a3 Nc6 7. Bg5 Be7 8. e3
O-O 9. Bd3 h6 10. Bf4 Nh5 11. Ne2 Nxf4 12. Nxf4 Bd6 13. Ne2 Bd7 14. b4 a6 15.
Rc1 Qe7 16. Nc3 b5 17. O-O Rac8 18. Qb3 Bb8 19. Rfe1 f5 20. Ne5 Bxe5 21. dxe5
Nxe5 22. Nxd5 exd5 23. Qxd5+ Qe6 24. Qd4 Nxd3 25. Qxd3 Rxc1 26. Rxc1 Bc6 27.
Rc5 Qg6 28. g3 Be4 29. Qd7 Qf7 30. Qd6 Qh5 31. Qe6+ Kh7 32. Qe7 Qd1# 0-1

[Event "27. Schweinfurt Open"]
[Site "Schweinfurt"]
[Date "2017.06.15"]
[Round "1.19"]
[White "Feichtner, Erich"]
[Black "Bardorz, Stefan"]
[Result "1-0"]
[WhiteElo "1929"]
[BlackElo "1426"]
[PlyCount "61"]
[EventDate "2017.??.??"]
[WhiteTeam "SK Schweinfurt"]
[BlackTeam "TSV Rottendorf"]

1. d4 d5 2. Nf3 Nf6 3. c4 e6 4. Nc3 Nbd7 5. e3 Be7 6. Bd3 dxc4 7. Bxc4 O-O 8.
O-O Nb6 9. Bd3 Bd7 10. e4 Bc6 11. Qe2 g6 12. Rd1 Ne8 13. Be3 Ng7 14. Rac1 f5
15. Bh6 g5 16. exf5 exf5 17. Bxg7 Kxg7 18. Qe5+ Kh6 19. d5 Bxd5 20. Nxd5 Nxd5
21. Bxf5 c6 22. Be4 Bd6 23. Qe6+ Kg7 24. Bxd5 cxd5 25. Rxd5 Rf6 26. Rxg5+ Rg6
27. Rxg6+ hxg6 28. h4 Qf8 29. Ng5 Re8 30. Qd7+ Re7 31. Ne6+ 1-0

[Event "27. Schweinfurt Open"]
[Site "Schweinfurt"]
[Date "2017.06.15"]
[Round "1.20"]
[White "Roth, Ludwig"]
[Black "Krenz, Dieter"]
[Result "0-1"]
[WhiteElo "1425"]
[BlackElo "1902"]
[PlyCount "98"]
[EventDate "2017.??.??"]
[WhiteTeam "Spvgg Stetten"]
[BlackTeam "SC Prichsenstadt"]

1. e4 Nf6 2. e5 Nd5 3. c4 Nb6 4. d4 d6 5. exd6 cxd6 6. Nc3 g6 7. g3 Bg7 8. Bg2
O-O 9. b3 Nc6 10. Nge2 Bf5 11. O-O Rb8 12. Ba3 Re8 13. Rc1 e5 14. d5 Ne7 15.
Nb5 Nec8 16. c5 dxc5 17. Bxc5 a6 18. Na3 Nd7 19. Be3 Nd6 20. Nc4 Bf8 21. Qd2 b5
22. Na5 Rc8 23. Nc6 Qf6 24. Bg5 Qg7 25. Rfd1 Nf6 26. Qa5 Be4 27. Bxf6 Qxf6 28.
Bxe4 Nxe4 29. Rf1 Qf3 30. Nc3 Ng5 31. h4 Nh3+ 32. Kh2 Nxf2 33. Qxa6 e4 34. Nxe4
Ng4+ 35. Kh3 Qxe4 36. Ne7+ Bxe7 37. Rxc8 Bd8 38. Qxb5 Ne3 39. Rg1 Qf5+ 40. Kh2
Qf2+ 41. Kh1 Qf3+ 42. Kh2 Rf8 43. Qd7 Qf2+ 44. Kh1 Bf6 45. Rxf8+ Kxf8 46. Qc8+
Kg7 47. d6 h5 48. d7 Ng4 49. Rg2 Qf1+ 0-1

[Event "27. Schweinfurt Open"]
[Site "Schweinfurt"]
[Date "2017.06.15"]
[Round "1.21"]
[White "Blank, Stefan"]
[Black "Brätz, Yannick"]
[Result "1-0"]
[WhiteElo "1880"]
[BlackElo "1372"]
[PlyCount "117"]
[EventDate "2017.??.??"]
[WhiteTeam "SC Sulzbach"]
[BlackTeam "SK Schweinfurt"]

1. e4 e5 2. Nf3 Nc6 3. d3 Nf6 4. Be2 Be7 5. O-O O-O 6. Nbd2 Re8 7. Nc4 Bf8 8.
Bg5 d6 9. h3 Nb8 10. c3 Nbd7 11. Nh2 Nc5 12. f4 exf4 13. Rxf4 Be7 14. Rf1 a5
15. Ne3 Nd5 16. Nxd5 Bxg5 17. Bh5 g6 18. Bg4 c6 19. Nf4 Qb6 20. Kh1 Qxb2 21.
Qf3 Rf8 22. Bxc8 Raxc8 23. d4 Na4 24. Ne2 Qd2 25. Ng4 h5 26. Nh2 Qe3 27. g4
hxg4 28. Qxg4 Rce8 29. Ng3 Bh6 30. Rf3 Qg5 31. Raf1 Re7 32. h4 Qxg4 33. Nxg4
Bg7 34. h5 gxh5 35. Nxh5 f6 36. Ngxf6+ Bxf6 37. Nxf6+ Kh8 38. Rh3+ Kg7 39. Rh7+
Kg6 40. Rxe7 Rxf6 41. Rg1+ Kh6 42. Re8 Rf7 43. Rg3 Kh7 44. Re6 Rf1+ 45. Kg2 Rc1
46. Rxd6 Rc2+ 47. Kh3 Nb6 48. Rdg6 Rc1 49. R6g4 Rh1+ 50. Kg2 Rh5 51. Rg7+ Kh8
52. Rxb7 Nc4 53. Rc7 c5 54. e5 Nd2 55. Rxc5 Ne4 56. Rc8+ Kh7 57. Rh3 Rxh3 58.
Kxh3 Ng5+ 59. Kg4 1-0

[Event "27. Schweinfurt Open"]
[Site "Schweinfurt"]
[Date "2017.06.15"]
[Round "1.22"]
[White "Memmel, Stefan"]
[Black "Bardorz, Christoph"]
[Result "0-1"]
[WhiteElo "1240"]
[BlackElo "1870"]
[PlyCount "54"]
[EventDate "2017.??.??"]
[WhiteTeam "SK Schweinfurt"]
[BlackTeam "TSV Rottendorf"]

1. e4 e5 2. Nf3 Nc6 3. Bc4 Nf6 4. d3 Bc5 5. Bg5 h6 6. Bxf6 Qxf6 7. O-O d6 8. h3
Na5 9. Bb3 Nxb3 10. axb3 c6 11. Nbd2 O-O 12. c3 Bb6 13. Nc4 Bc7 14. Ne3 Be6 15.
Nd2 a6 16. Qh5 Qg6 17. Qxg6 fxg6 18. b4 Rf7 19. f3 Rd8 20. Ndc4 d5 21. Na5 Bb6
22. Kf2 dxe4 23. Nac4 Bxc4 24. dxc4 Rd2+ 25. Kg3 Bxe3 26. Rae1 Bf4+ 27. Kg4
Rxg2+ 0-1

[Event "27. Schweinfurt Open"]
[Site "Schweinfurt"]
[Date "2017.06.15"]
[Round "1.23"]
[White "Roth, Jakob"]
[Black "Kühler, Michael"]
[Result "1-0"]
[WhiteElo "1847"]
[BlackElo "1229"]
[PlyCount "51"]
[EventDate "2017.??.??"]
[WhiteTeam "Spvgg Stetten"]
[BlackTeam "SC Prichsenstadt"]

1. d4 Nf6 2. c4 e6 3. Nc3 Bb4 4. e3 O-O 5. Bd3 b6 6. a3 Bxc3+ 7. bxc3 Bb7 8. f3
d6 9. Ne2 Nbd7 10. O-O Rc8 11. e4 c5 12. Ng3 cxd4 13. cxd4 h6 14. Bb2 d5 15.
cxd5 exd5 16. e5 Ne8 17. f4 f6 18. e6 Nb8 19. Qg4 Qe7 20. Nf5 Qc7 21. Nxh6+ Kh8
22. Nf7+ Rxf7 23. Qh5+ Kg8 24. exf7+ Qxf7 25. Bg6 Qc7 26. Rae1 1-0

[Event "27. Schweinfurt Open"]
[Site "Schweinfurt"]
[Date "2017.06.15"]
[Round "1.24"]
[White "Roth, Claudia"]
[Black "Brodt, Andreas"]
[Result "0-1"]
[WhiteElo "1063"]
[BlackElo "1839"]
[PlyCount "56"]
[EventDate "2017.??.??"]
[WhiteTeam "Spvgg Stetten"]
[BlackTeam "SK Schweinfurt"]

1. e4 c5 2. Nf3 d6 3. d4 cxd4 4. Nxd4 Nf6 5. Nc3 a6 6. Bg5 Nbd7 7. Qd2 h6 8.
Bxf6 Nxf6 9. O-O-O e5 10. Nf5 Bxf5 11. exf5 Be7 12. Nd5 Ne4 13. Qe2 Bg5+ 14.
Kb1 Nf6 15. f4 Nxd5 16. fxe5 Nc3+ 17. bxc3 Qb6+ 18. Ka1 O-O 19. Rxd6 Qc5 20.
Kb2 Be7 21. f6 Bxd6 22. exd6 Qxd6 23. Qf3 Qb6+ 24. Kc1 Rfe8 25. Bd3 Qxf6 26.
Qxb7 Rab8 27. Qxa6 Qf4+ 28. Kd1 Rb1# 0-1

[Event "27. Schweinfurt Open"]
[Site "Schweinfurt"]
[Date "2017.06.15"]
[Round "1.25"]
[White "Müller, Gerhard"]
[Black "Chen, Jiwei"]
[Result "1-0"]
[WhiteElo "1827"]
[BlackElo "954"]
[PlyCount "47"]
[EventDate "2017.??.??"]
[WhiteTeam "SC Bad Königshofen"]
[BlackTeam "SK Schweinfurt"]

1. e4 e5 2. f4 d6 3. Nf3 Nc6 4. Bb5 Bd7 5. d3 Nf6 6. O-O Be7 7. Nc3 a6 8. Bxc6
Bxc6 9. fxe5 dxe5 10. Ne2 Bd6 11. Bg5 O-O 12. Nh4 Bd7 13. Bxf6 gxf6 14. Nf5
Bxf5 15. Rxf5 Qd7 16. Ng3 Kh8 17. Nh5 Rg8 18. Nxf6 Qd8 19. Qf3 Rg6 20. Rf1 Be7
21. Nd5 c6 22. Nxe7 Qxe7 23. Rxf7 Rxg2+ 24. Kxg2 1-0

[Event "27. Schweinfurt Open"]
[Site "Schweinfurt"]
[Date "2017.06.15"]
[Round "1.26"]
[White "Cinar, Orhan"]
[Black "Hohner, Karl-Heinz"]
[Result "0-1"]
[WhiteElo "700"]
[BlackElo "1799"]
[PlyCount "32"]
[EventDate "2017.??.??"]
[WhiteTeam "(vls) Schweinfurt"]
[BlackTeam "(vls) Stockheim Kronach"]

1. e3 d5 2. Nh3 Nf6 3. Ng5 e5 4. c3 Nc6 5. h3 e4 6. Bb5 h6 7. c4 hxg5 8. cxd5
Qxd5 9. Nc3 Qe5 10. Qa4 Bd7 11. Qb3 Bd6 12. Nd5 Nxd5 13. Bxc6 Bxc6 14. g3 O-O
15. f4 exf3 16. d4 Qxg3+ 0-1

[Event "27. Schweinfurt Open"]
[Site "Schweinfurt"]
[Date "2017.06.15"]
[Round "1.27"]
[White "Orf, Niklas"]
[Black "Lukas, Cornelia"]
[Result "1-0"]
[WhiteElo "950"]
[BlackElo "779"]
[PlyCount "89"]
[EventDate "2017.??.??"]
[WhiteTeam "SK Bad Neustadt"]
[BlackTeam "SK Schweinfurt"]

1. d4 d5 2. Bf4 Nc6 3. e3 Bf5 4. c3 Nf6 5. Nd2 e6 6. Ngf3 Bd6 7. Bg3 O-O 8. Ne5
Ne4 9. f4 f6 10. Nxc6 bxc6 11. Nb3 c5 12. Ba6 Rb8 13. Qe2 Qd7 14. O-O Nxg3 15.
hxg3 e5 16. dxc5 Be7 17. c4 d4 18. Bb5 Bg4 19. Qd3 c6 20. Ba6 Qf5 21. Qxf5 Bxf5
22. exd4 e4 23. d5 Bd7 24. Rfe1 f5 25. g4 Bh4 26. Re3 Rfe8 27. gxf5 Rb4 28. g3
Bf6 29. Rae1 Bxf5 30. dxc6 Rbb8 31. R1e2 Bg4 32. Re1 Bf5 33. c7 Ra8 34. Bb7
Bxb2 35. Bxa8 Rxa8 36. g4 Bg6 37. f5 Bf7 38. Rxe4 g6 39. Rd1 Bf6 40. fxg6 Bxg6
41. Re6 Kf7 42. Rxf6+ Kxf6 43. Rd8 Be4 44. Rxa8 Bxa8 45. c8=Q 1-0